00302pab a2200121 454500008004000000100002000040245005100060260000900111300001300120362000800133650001100141773002800152180718b2008 xxu||||| |||| 00| 0 eng d aCappelli, Peter aTalent management for the twenty-first century c2008 ap.74-81. aMar aTalent aHarvard Business Review